000 00504nam a2200193Ia 4500
005 20260120130813.0
008 008 260114s9999 xx 000 0 eng d
020 _a9780199918492
037 _aEBOOK
040 _aCRL
_beng
_cCRL
041 _aeng
_2eng
084 _qCRL
100 _aWalls
_9919399
245 0 _aPurgatory
260 _bOxford University PressOxford University Press
_c2012
856 _uhttps://academic.oup.com/book/5276
942 _cEBOOK
999 _c1511305
_d1511305